Pabellón de reposo

Guardat en:
Dades bibliogràfiques
Autor principal: Cela, Camilo José
Format: Llibre
Idioma:Undetermined
Publicat: Barcelona, España Ediciones Destino 1977
Matèries:
Etiquetes: Afegir etiqueta
Sense etiquetes, Sigues el primer a etiquetar aquest registre!

MARC

LEADER 00000nam a2200000Ia 4500
008 170316s9999 xx 000 0 und d
040 |a cru BVZT 
090 |a 862 C-33p 
100 |a Cela, Camilo José 
245 |a Pabellón de reposo 
260 |a Barcelona, España  |b Ediciones Destino  |c 1977 
300 |a 210 páginas 
650 |a LITERATURA ESPAÑOLA 
650 |a NOVELA 
999 |c 9666  |d 9666 
942 |c 15 D  |h 862 C-33p  |2 z